000
00215nam a22000857a 4500
008
161124b xxu||||| |||| 00| 0 eng d
100
_9
1412
_a
CBSE
245
_a
APC Digest English core-XII
260
_a
New Delhi
_b
Arya
_c
2013
999
_c
4129
_d
4129